Harry Potter Movies by a Frame - Hard Edition - Statistics

General Stats
  • This quiz has been taken 2,906 times
  • The average score is 10 of 10
Answer Stats
Picture Answer % Correct
1
100%
1
100%
1
100%
1
100%
1
100%
2
100%
2
100%
3
100%
3
100%
3
100%
4
100%
4
100%
4
100%
4
100%
5
100%
5
100%
5
100%
6
100%
6
100%
7
100%
7
100%
7
100%
7
100%
7
100%
7
100%
8
100%
8
100%
4
98%
1
97%
1
97%
1
97%
1
97%
2
97%
2
97%
3
97%
3
97%
3
97%
4
97%
5
97%
5
97%
5
97%
6
97%
6
97%
7
97%
7
97%
8
97%
8
97%
1
96%
1
96%
2
96%
2
96%
3
96%
3
96%
4
96%
4
96%
4
96%
5
96%
5
96%
5
96%
6
96%
6
96%
7
96%
7
96%
7
96%
3
95%
3
95%
5
95%
7
95%
2
94%
3
94%
6
94%
8
94%
2
93%
5
93%
6
93%
7
93%
8
93%
1
92%
6
92%
8
92%
8
92%
7
91%
6
90%
6
90%
1
89%
8
89%
8
89%
8
89%
8
88%
8
85%
No matching quizzes found
Score Distribution
Percent of People with Each Score
Percentile by Number Answered
Your Score History
You have not taken this quiz